000 02307cam a22005294i 4500
003 PE-LiUPU
005 20250731165629.0
008 150623s r 000 0 d
020 _a0943575338
035 _a(Sirsi) i9780943575339
040 _aPE-LiUPU
_bspa
_cPE-LiUPU
_erda
049 _aPRUA
082 0 4 _a487.4
_bN51
_221
245 0 4 _aThe new analytical Greek lexicon /
_cWesley J. Perschbacher, editor.
264 1 _aPeabody, Massachusetts :
_bHendrickson Publishers,
_c1999.
300 _a449 páginas ;
_c24 centímetros
336 _atext
_2rdacontent
337 _aunmediated
_2rdamedia
338 _avolume
_2rdacarrier
505 0 _aThe article. -Nouns sustantive. -Irregularities of declension.The pronouns. -The verb aubstantive. - Regular verb. -Use of tenses.
526 _aSEG44
526 _aSEG26
526 _aP151
526 _aP150
526 _aP149
526 _aP146
526 _aP145
526 _aP126
526 _aP125
526 _aP92
526 _aP75
526 _aP74
526 _aP27
526 _aP15
630 _aBiblia.
_pN.T.
_lGriego
_xEstudio y enseñanza.
650 0 4 _aGriego bíblico
_vGlosarios, vocabularios, etc.
650 0 4 _aGriego bíblico
_xGramática
_95993
700 1 _aPerschbacher, Wesley J.,
_eed.
942 _2ddc
_cBOOK
949 _aRC 487.4 N51
_wDEWEY
_c1
_i48053
_lCCODEBUL1
_mBUL
_r0
_sY
_tBOOK
_u2015-6-24
_xTEOLOGIA
_PP35
_0COMPRA
_o.CIRCNOTE. No olvidar cambiar la fecha de devolución!!!!!!!
_o.STAFF. Colección General
949 _aRC 487.4D P45
_wDEWEY
_c1
_i39788
_d2015-10-13
_lCCODEBUL1
_mBUL
_q1
_r0
_sY
_tBOOK
_u2015-6-16
_xTEOLOGIA
_zUNKNOWN
_0COMPRA
_o.CIRCNOTE. No olvidar cambiar la fecha de devolución!!!!!!!
_o.STAFF. Colección General
994 _aC0
_bPEPRU
596 _a1
999 _aRC 487.4D P45
_wDEWEY
_c57434
_i39788
_d57434
_f2021-11-8
_g5
_lCCODEBUL1
_mBUL
_q2
_r1
_sY
_tBOOK
_u2015-6-16
_xTEOLOGIA
_zUNKNOWN
_0COMPRA
_o.CIRCNOTE. No olvidar cambiar la fecha de devolución!!!!!!!
_o.STAFF. Colección General
999 _aRC 487.4 N51
_wDEWEY
_c1
_i48053
_d2017-11-14
_e2017-6-2
_f2019-12-11
_g4
_lCCODEBUL1
_mBUL
_n1
_q1
_r1
_sY
_tBOOK
_u2015-6-24
_xTEOLOGIA
_PP35
_0COMPRA
_o.CIRCNOTE. No olvidar cambiar la fecha de devolución!!!!!!!
_o.STAFF. Colección General
980 _81
_gALBERTO SANCHEZ Responsable de Automatización